01177cam a22003375a 4500001001000000003000900010005001700019008004100036020001500077020001800092040003100110082002300141100004300164245007800207250001900285264004700304300002300351336002600374337002800400338002700428504005100455650004100506650004500547650003400592651001000626653002200636655002400658942001200682999001700694952012800711008852336EG-ScBUE20220228140753.0960402s1996 nyu f b 001 0 eng d a4770016298 a9784770016294 aUkbengerdacUkdEG-SCBUE04a895.65009222bHIG1 aHigginson, William J.,d1938-eauthor.14aThe haiku seasons :bpoetry of the natural world /cWilliam J. Higginson. aFirst edition. 1aNew York :bKodansha International,c1996. a171 pages ;c21 cm 2rdacontentatextbtxt 2rdamediaaunmediatedbn 2rdacarrieravolumebnc aIncludes bibliographical references and index. 7aHaikuxHistory and criticism.2BUEsh 7aHaikuxTranslations into English.2BUEsh 7aSeasons in literature.2BUEsh 2BUEsh bGGENcJanuary2018 vReading book934232 2ddccBB c25887d25859 00102ddc4070aMAINbMAINc2NDd2018-01-08eDonationl1m1o895.65009 HIGp000047104r2025-07-15 00:00:00s2019-03-04yBB